| 000 | 01572nam0a2200361 4500 | ||
|---|---|---|---|
| 001 | RU\NLR\bibl\1379759 | ||
| 005 | 20250615193032.0 | ||
| 010 | _a978-5-904342-01-2 | ||
| 021 |
_aRU _b2009-28311 _91698 |
||
| 035 | _a(nilc)RSL-KNO-004290727 | ||
| 035 | _a(NLR Aleph) 001371853 | ||
| 090 |
_a1046749 _c1046749 |
||
| 100 | _a20090410d2009 |||y0rusy50 ca | ||
| 101 | 0 | _arus | |
| 102 | _aRU | ||
| 105 | _ay zzzz||||| | ||
| 200 | 1 |
_aПрограмма работы по охраняемым природным территориям конвенции о биологическом разнообразии _eкомментарии для практического применения в регионах России _fА. С. Шестаков |
|
| 210 |
_aМосква _c[б. и.] _d2009 |
||
| 215 |
_a95, [1] с. _d30 |
||
| 225 | 1 | _aFor a living planet | |
| 606 | 1 |
_aПриродные территории особо охраняемые _xОрганизация _yРоссийская Федерация _92557146 _3RU\NLR\auth\661512836 |
|
| 606 | 1 |
_aЭкологические системы _xОхрана _yРоссийская Федерация _92272901 _3RU\NLR\auth\661362212 |
|
| 610 | 0 | _aохрана биологического разнообразия | |
| 686 |
_aЕ088.9(2Р)я8 _2rubbk |
||
| 686 | _aЕ088(2Р) | ||
| 686 | _aБ1(2Р)в44 | ||
| 700 | 1 |
_aШестаков _bА. С. _4070 |
|
| 801 | 0 |
_aRU _bРКП _c20090410 _grcr |
|
| 801 | 1 |
_aRU _bРГБ _c20090410 |
|
| 801 | 2 |
_aRU _bNLR _c20090610 _grcr |
|
| 942 | _cBOOK | ||
| 980 | _aNB | ||